Portrait Calogero paroles - Statistiques

Statistiques générales
  • Ce quiz a été pris 2 217 fois
  • Le résultat moyen est 200 sur 221
Statistiques - réponses
Réponse % Correct
A
99%
a
99%
à
99%
de
99%
Il
99%
il
99%
Des
98%
le
98%
Le
98%
par
98%
sa
98%
Ce
97%
dessin
97%
Du
97%
les
97%
portrait
97%
pour
97%
un
97%
fait
96%
la
96%
mère
96%
se
96%
Trait
96%
trait
96%
craie
95%
d'un
95%
sur
95%
bras
94%
Dans
94%
en
94%
partir
94%
parquet
93%
rêve
93%
soirs
92%
Tous
92%
couché
91%
secret
91%
que
90%
au
89%
ciel
86%
Dessinée
86%
pas
86%
dit
85%
elle
85%
lui
83%
c'est
82%
On
82%
qu'elle
82%
était
81%
Qui
81%
avion
80%
fond
80%
passe
79%
peut-être
79%
maison
78%
regarde
78%
ne
77%
Ne
77%
au-dessus
76%
chaque
76%
fois
76%
classe
73%
Maîtresse
73%
miel
71%
"parent"
71%
Pourquoi
71%
an
70%
prend
70%
qu'un
69%
tasse
69%
voudrait
69%
tellement
68%
câlins
67%
mélange
66%
avec
65%
d'"S"
65%
serait-ce
64%
explique
63%
Pluriel
62%
Puis
60%
coriace
59%
vasistas
59%
débat
57%
Perdu
44%
s'emmêle
41%
Aucun quiz correspondant
Distribution des résultats
% des personnes avec chaque résultat
Percentile par nombre de réponses
Votre historique - résultats
Vous n’avez pas pris ce quiz